000
00208nam a22000857a 4500
008
170301b xxu||||| |||| 00| 0 eng d
100
_9
2974
_a
Elliott.J
245
_a
Oxfrd Dictionary
260
_a
New Delhi
_b
PB
_c
2009
999
_c
6219
_d
6219